| 000 | 01328ngm a22003730a 4500 | ||
|---|---|---|---|
| 001 | PT19068 | ||
| 003 | AR-LpoUNG | ||
| 005 | 20210201232244.0 | ||
| 007 | co ||u|||uuuuu | ||
| 008 | 191001s2003||||ag |||||||||||||||||spa d | ||
| 040 |
_aAR-LpoUNG _bspa _cAR-LpoUNG _eaacr |
||
| 041 | _aspa | ||
| 044 | _aag | ||
| 082 | 0 | _a333.792 4 939v2 | |
| 245 | 1 | 0 |
_aInforme anual : _bSistema de regulación nuclear en Argentina : actividades 2003 |
| 250 | _a1º edición | ||
| 260 |
_aBuenos Aires : _bAutoridad Regulatoria Nuclear, _c2003. |
||
| 520 | _aInspecciones de seguridad radiológicas y nuclear; Sistemas de emergencias radiológicas; Inspecciones de salvaguardia y protección física; calidad en ARN; Relaciones institucionales; Capacitación; Documentos regulatorias; Inspecciones a instalaciones médicas; Código de ética de la ARN | ||
| 650 | 4 | _aCENTRALES DE ENERGIA | |
| 650 | 4 | _aCENTRALES NUCLEARES | |
| 650 | 4 | _aDERECHO | |
| 650 | 4 | _aENERGIA | |
| 650 | 4 | _aENERGIA NUCLEAR | |
| 650 | 4 | _aINDUSTRIA NUCLEAR | |
| 650 | 4 | _aINGENIERIA NUCLEAR | |
| 650 | 4 | _aINSTALACIONES NUCLEARES | |
| 650 | 4 | _aRECURSOS ENERGETICOS | |
| 650 | 4 | _aRECURSOS NATURALES | |
| 650 | 4 | _aSEGURIDAD NUCLEAR | |
| 651 | 4 | _aArgentina | |
| 710 | 2 | _aAutoridad Regulatoria Nuclear (Argentina) | |
| 905 | _a19068 | ||
| 942 | _cCDDVD | ||
| 999 |
_c53124 _d53124 |
||